Cuadernos de investigación genealógica. (Record no. 2726)

MARC details
000 -LEADER
campo de control de longitud fija 01024nas a2200289 i 4500
001 - NÚMERO DE CONTROL
campo de control 2726
003 - IDENTIFICADOR DE NÚMERO DE CONTROL
campo de control ES-MaACL
005 - FECHA Y HORA DE LA ÚLTIMA TRANSACCIÓN
campo de control 20250326164026.0
007 - CAMPO FIJO DE DESCRIPCIÓN FÍSICA--INFORMACIÓN GENERAL
campo de control de longitud fija t|
008 - DATOS DE LONGITUD FIJA--INFORMACIÓN GENERAL
campo de control de longitud fija 990408d19972004sp f| | 0 ||pa d
022 ## - NÚMERO INTERNACIONAL NORMALIZADO PARA PUBLICACIONES SERIADAS
Número Internacional Normalizado para Publicaciones Seriadas 1137-3644
080 ## - NÚMERO DE LA CLASIFICACIÓN DECIMAL UNIVERSAL
Número de la Clasificación Decimal Universal (460)
080 ## - NÚMERO DE LA CLASIFICACIÓN DECIMAL UNIVERSAL
Número de la Clasificación Decimal Universal 929
245 00 - MENCIÓN DEL TÍTULO
Título Cuadernos de investigación genealógica.
260 ## - PUBLICACIÓN, DISTRIBUCIÓN, ETC.
Lugar de publicación, distribución, etc. Madrid :
Nombre del editor, distribuidor, etc. Círculo de Estudios Genealógicos Familiares,
Fecha de publicación, distribución, etc. 1997-2004.
300 ## - DESCRIPCIÓN FÍSICA
Extensión 1 v. ;
Dimensiones 30 cm.
310 ## - PERIODICIDAD ACTUAL
Periodicidad actual Semestral
362 0# - FECHAS DE PUBLICACIÓN Y/O DESIGNACIÓN SECUENCIAL
Fecha de publicación y/o designación secuencial Nº 1 (en.-jun. 1997)-nº 16 (jul.-dic. 2004)
525 ## - NOTA DE SUPLEMENTO
Nota de suplemento Número extraordinario de 1999 dedicado al Primer Simposio de Estudios Genealógicos, ponencias y comunicaciones (Madrid, 16-18 nov. 1998)
650 17 - PUNTO DE ACCESO ADICIONAL DE MATERIA--TÉRMINO DE MATERIA
Término de materia o nombre geográfico como elemento de entrada Heráldica
Fuente del encabezamiento o término embne
9 (RLIN) 235652
655 #7 - TERMINO DE INDIZACIÓN--GENERO/FORMA
Fuente del término tgfbne
9 (RLIN) 226866
Datos o término principal de género/forma Revistas
710 2# - ENTRADA AGREGADA--NOMBRE DE ENTIDAD CORPORATIVA
Nombre de entidad corporativa o nombre de jurisdicción como elemento de entrada Círculo de Estudios Genealógicos Familiares.
9 (RLIN) 2823
852 ## - LOCALIZACIÓN
Ubicación ES-MaACL
Número de control de estantería HEM-2013
Ubicación en estantería Hemeroteca
866 #0 - MENCIÓN TEXTUAL DE FONDOS--UNIDAD BIBLIOGRÁFICA BÁSICA
Fondos 1997-1999(2000)2001(2002)2003-2004
Faltantes Faltas: 2000 (n.7) 2002 (n.11)
942 ## - ELEMENTOS DE ENTRADA SECUNDARIOS (KOHA)
Fuente del sistema de clasificación o colocación Clasificación decimal universal
Tipo de ítem Koha Revista
Holdings
Estatus retirado Estado de pérdida Fuente del sistema de clasificación o colocación Estado de daño No para préstamo Colección Biblioteca de origen Biblioteca actual Ubicación en estantería Fecha de adquisición Total de préstamos Signatura topográfica completa Código de barras Visto por última vez Precio de reemplazo Tipo de ítem Koha
    Clasificación decimal universal     Periódicos y Revistas Biblioteca del Ateneo de Madrid Biblioteca del Ateneo de Madrid Hemeroteca 17/01/2008   HEM-2013 1002778 23/02/2023 23/02/2023 Revista